| 000 | 01217nam a2200301Ia 4500 | ||
|---|---|---|---|
| 999 |
_c6717 _d6717 |
||
| 003 | OSt | ||
| 005 | 20200609192557.0 | ||
| 008 | 191128s1980 sp gr 000 0dspa d | ||
| 040 |
_aCO-JMCR _cCO-JMCR |
||
| 041 | 1 |
_aspa _heng |
|
| 082 | 0 | 4 |
_a330.122 / _bF911l _223 |
| 100 | 1 |
_aFriedman, Milton, _eautor _95319 |
|
| 245 | 1 | 0 |
_aLibertad de elegir : _bhacia un nuevo liberalismo económico / _cMilton Friedman, Rose Friedman ; traducido por Carlos Rocha Pujol |
| 250 | _aSegunda edición | ||
| 260 |
_aBarcelona : _bGrijalbo, _c1980. |
||
| 300 |
_a436 páginas _c18 cm. |
||
| 504 | _aBibliografía al final de cada capítulo. | ||
| 505 | _aEl poder del mercado -- La tiranía de los controles -- Anatomía de la crisis -- De la cuna a la tumba -- Creados iguales -- ¿Qué falla en nuestras escuelas? -- ¿Quién protege al consumidor? -- ¿Quién protege al trabajador? | ||
| 534 | _pFree to choose | ||
| 546 | _aTraducido del inglés | ||
| 650 | 1 | 4 |
_aCapitalismo _95320 |
| 650 | 2 | 4 |
_aLibre comercio _92688 |
| 650 | 2 | 4 |
_aLiberalismo Empresas _95321 |
| 650 | 2 | 4 |
_aEconomía de mercado _94657 |
| 700 | 1 |
_aFriedman, Rose, _eautor _95322 |
|
| 700 | 1 |
_aRocha Pujol, Carlos, _etraductor _95323 |
|
| 942 |
_2ddc _cBK |
||